000 00286nam a22001217a 4500
008 170615b xxu||||| |||| 00| 0 eng d
041 _aeng
080 _a32
100 _a20
101 _aSHP
245 _aTHE GULF AND SEARCH FOR STRATEGIC STABILITY
_cCORDESMAN, A.H
942 _2udc
_cBK
999 _c17655
_d17655